<?xml version="1.0" encoding="UTF-8"?>
<record
    xmlns:xsi="http://www.w3.org/2001/XMLSchema-instance"
    xsi:schemaLocation="http://www.loc.gov/MARC21/slim http://www.loc.gov/standards/marcxml/schema/MARC21slim.xsd"
    xmlns="http://www.loc.gov/MARC21/slim">

  <leader>00482nam a22001457a 4500</leader>
  <datafield tag="020" ind1=" " ind2=" ">
    <subfield code="a">9781119313397</subfield>
  </datafield>
  <datafield tag="040" ind1=" " ind2=" ">
    <subfield code="c">NUST</subfield>
  </datafield>
  <datafield tag="082" ind1=" " ind2=" ">
    <subfield code="a">620.193 JIA</subfield>
  </datafield>
  <datafield tag="100" ind1=" " ind2=" ">
    <subfield code="a">Jiang, Xin</subfield>
    <subfield code="9">99944</subfield>
  </datafield>
  <datafield tag="110" ind1=" " ind2=" ">
    <subfield code="a">Kang, Zhenhui.  Guo, Xiaoning.   Zhuang, Hao</subfield>
    <subfield code="9">99945</subfield>
  </datafield>
  <datafield tag="245" ind1=" " ind2=" ">
    <subfield code="a">Novel Carbon Materials and Composites: </subfield>
    <subfield code="b">Synthesis, Properties and Applications</subfield>
  </datafield>
  <datafield tag="260" ind1=" " ind2=" ">
    <subfield code="a">USA:</subfield>
    <subfield code="b">John Wiley &amp; Sons,</subfield>
    <subfield code="c">2019.</subfield>
  </datafield>
  <datafield tag="650" ind1=" " ind2=" ">
    <subfield code="a">Carbon Composites.Novel Carbon Materials.NUSTTB2022</subfield>
    <subfield code="9">102830</subfield>
  </datafield>
  <datafield tag="942" ind1=" " ind2=" ">
    <subfield code="2">ddc</subfield>
    <subfield code="c">BK</subfield>
  </datafield>
  <datafield tag="999" ind1=" " ind2=" ">
    <subfield code="c">591697</subfield>
    <subfield code="d">591697</subfield>
  </datafield>
  <datafield tag="952" ind1=" " ind2=" ">
    <subfield code="0">0</subfield>
    <subfield code="1">0</subfield>
    <subfield code="2">ddc</subfield>
    <subfield code="4">0</subfield>
    <subfield code="7">0</subfield>
    <subfield code="a">CEME</subfield>
    <subfield code="b">CEME</subfield>
    <subfield code="c">GEN</subfield>
    <subfield code="d">2022-10-11</subfield>
    <subfield code="l">0</subfield>
    <subfield code="o">620.193 JIA</subfield>
    <subfield code="p">CEME-50840</subfield>
    <subfield code="r">2022-10-11</subfield>
    <subfield code="w">2022-10-11</subfield>
    <subfield code="y">BK</subfield>
  </datafield>
  <datafield tag="952" ind1=" " ind2=" ">
    <subfield code="0">0</subfield>
    <subfield code="1">0</subfield>
    <subfield code="2">ddc</subfield>
    <subfield code="4">0</subfield>
    <subfield code="7">0</subfield>
    <subfield code="a">CEME</subfield>
    <subfield code="b">CEME</subfield>
    <subfield code="c">GEN</subfield>
    <subfield code="d">2022-10-11</subfield>
    <subfield code="l">0</subfield>
    <subfield code="o">280 SCB</subfield>
    <subfield code="p">CEME-50840-A</subfield>
    <subfield code="r">2022-10-11</subfield>
    <subfield code="w">2022-10-11</subfield>
    <subfield code="y">BK</subfield>
  </datafield>
</record>
